| 000 | 00409nam a22001217a 4500 | ||
|---|---|---|---|
| 082 | _a620.005 | ||
| 100 | _aMarriam Waseem. | ||
| 245 |
_aComparative analysis of 3G and 4G technologies and their deployment in pakistan. _cMarriam Waseem. |
||
| 260 |
_aIslamabad: _bCEME - NUST, _c2014. |
||
| 700 |
_aSup: Dr. Shoab Ahmed Khan _934610 |
||
| 942 |
_2ddc _cTHE |
||
| 999 |
_c540721 _d540721 |
||